Capitalismo transnacional y desarrollo nacional /

Esta obra aborda las relaciones económicas en el marco de un nuevo orden mundial, donde la petración del capitalismo transnacional ha creado economías dependientes, particularmente en Latinoamérica. La primera parte del libro trata sobre los esquemas conceptuales de estos cambios; la segunda, sobre...

Descripción completa

Guardado en:
Detalles Bibliográficos
Autor principal: Villamil, José J. (selec.)
Formato: Libro
Idioma:Español
Publicado: México : Fondo de Cultura Económica, 1981, c1981
Colección:(Lecturas de El Trimestre Económico ; 37)
Temas:
Etiquetas: Agrega una etiqueta
Sin etiquetas, Sé el primero en etiquetar este registro!

MARC

LEADER 00000nam^a2200000^a^4500
001 000093214
005 20250521000000.0
009 20260310092750.397
020 |a 968-16-0755-4 
037 |a Acervo ITESO - Biblioteca 
041 |a ESP 
082 |a 338. 9  |b VIL 
100 |a Villamil, José J.  |e (selec.) 
245 1 0 |a Capitalismo transnacional y desarrollo nacional /  |c J.J. Villamil ; tr. por Eduardo L. Suárez. 
264 4 |a México :  |b Fondo de Cultura Económica,  |c 1981, c1981 
300 |a 366 p. 
336 |a texto  |b txt  |2 rdacontenido 
337 |a sin mediación  |b n  |2 rdamedio 
338 |a volumen  |b nc  |2 rdasoporte 
440 1 |a (Lecturas de El Trimestre Económico ;  |v 37) 
500 |a Traducción de: Transnational capitalism and national development 
520 |a Esta obra aborda las relaciones económicas en el marco de un nuevo orden mundial, donde la petración del capitalismo transnacional ha creado economías dependientes, particularmente en Latinoamérica. La primera parte del libro trata sobre los esquemas conceptuales de estos cambios; la segunda, sobre la estructura y los procesos del sistema transnacional (sistema financiero, sistema tecnológico y de innovaciones, las comunicaciones, el ejército y el mercado internacional de destrezas); la tercera, sobre el desarrollo capitalista y sobre el papel del Estado; en la cuarta sección se ofrecen estrategias alternativas al capitalismo dependiente. 
649 |a XX 
650 |a Desarrollo Económico-Social 
650 |a Desarrollo Regional 
650 |a Dinámica Económica 
650 |a Igualdad y Desigualdad 
650 |a Transnacionales 
650 |a Nuevo Orden Económico Internacional 
650 |a Comercio Internacional 
650 |a Capitalismo 
650 |a Economía 
910 |a Fondo General 
920 |a Impresos - Libros 
930 |a Colección General 
905 |a 101 
901 |a 0500028238  |b IT1  |c ACC  |u 20250521 
902 |a https://opac.biblio.iteso.mx/vufind/Record/000093214